000 01451cam a2200337 a 4500
999 _c234457
_d234457
001 4279539
003 Nust
005 20170321111527.0
008 850516s1985 nyu 000 1 eng
010 _a 85040123
020 _a9780708831533
_c$16.95
040 _aDLC
_cDLC
_dDLC
050 0 0 _aPS3568.I265
_bV3 1985
082 0 0 _a813.54
_bRIC
100 1 _aRice, Anne,
_d1941-
245 1 4 _aThe vampire Lestat /
_cby Anne Rice.
250 _a1st ed.
260 _aNew York :
_bKnopf :
_bDistributed by Random House,
_c1985.
300 _a599 p. ;
_c24 cm.
490 1 _aThe Second book in the Chronicles of the vampires
500 _aSequel to: Interview with the vampire.
600 0 0 _aLestat
_c(Vampire),
_d1760-
_vFiction.
650 0 _aVampires
_vFiction.
655 7 _aHorror tales.
_2gsafd
800 1 _aRice, Anne,
_d1941-
_tVampire chronicles ;
_vbk. 2.
856 4 2 _3Publisher description
_uhttp://www.loc.gov/catdir/description/random045/85040123.html
856 4 2 _3Contributor biographical information
_uhttps://www.loc.gov/catdir/enhancements/fy1616/85040123-b.html
906 _a7
_bcbc
_corignew
_d1
_eocip
_f19
_gy-gencatlg
942 _2ddc
_cBK